Leed en lied, (Record no. 5693)

MARC details
000 -LEADER
fixed length control field 00628cam a22002171 4500
001 - CONTROL NUMBER
control field af 48003639
003 - CONTROL NUMBER IDENTIFIER
control field DLC
005 - DATE AND TIME OF LATEST TRANSACTION
control field 20260227110903.0
008 - FIXED-LENGTH DATA ELEMENTS--GENERAL INFORMATION
fixed length control field 890605s1946 ne 000 0 dut c
010 ## - LIBRARY OF CONGRESS CONTROL NUMBER
LC control number af 48003639
035 ## - SYSTEM CONTROL NUMBER
System control number (OCoLC)19819425
040 ## - CATALOGING SOURCE
Original cataloging agency California. Univ. Libr.
Transcribing agency CU
Modifying agency CU
-- DLC
042 ## - AUTHENTICATION CODE
Authentication code premarc
050 00 - LIBRARY OF CONGRESS CALL NUMBER
Classification number PT5484
Item number .Z4
100 1# - MAIN ENTRY--PERSONAL NAME
Personal name Zeeuw, P. de,
Relator term ed.
245 10 - TITLE STATEMENT
Title Leed en lied,
Remainder of title keur uit de verzetspoëzie.
260 ## - PUBLICATION, DISTRIBUTION, ETC.
Place of publication, distribution, etc. Amsterdam,
Name of publisher, distributor, etc. H.A. van Bottenburg,
Date of publication, distribution, etc. 1946.
300 ## - PHYSICAL DESCRIPTION
Extent 71 p.
Dimensions 21 cm.
651 #0 - SUBJECT ADDED ENTRY--GEOGRAPHIC NAME
Geographic name Netherlands
General subdivision History
Chronological subdivision German occupation, 1940-1945
Form subdivision Poetry.
650 #0 - SUBJECT ADDED ENTRY--TOPICAL TERM
Topical term or geographic name entry element Dutch poetry.

No items available.

Powered by Koha